[Event "Brühler SK 1 - SF Lieme 1"]
[Site "NRW-Klasse. Gruppe 1 2017/201"]
[Date "2018.04.08"]
[Round "8.3"]
[White "Essing, Arnold"]
[Black "Keller, Thomas"]
[Result "1/2-1/2"]
[WhiteElo "2190"]
[BlackElo "2239"]
[PlyCount "84"]
[EventDate "2018.??.??"]
[WhiteTeam "SF Lieme 1"]
[BlackTeam "Brühler SK 1"]

1. d4 Nf6 2. Nf3 d5 3. c4 c6 4. Nc3 a6 5. c5 Bf5 6. Qb3 Ra7 7. Bf4 Nbd7 8. Nh4
Be6 9. e3 h6 10. Bg3 g5 11. Nf3 Bg7 12. Qc2 b6 13. cxb6 Qxb6 14. Be2 Rb7 15. b3
O-O 16. O-O Rc8 17. Na4 Qa7 18. Rac1 Ne4 19. Bd3 Bf5 20. Qe2 Nxg3 21. hxg3 Bxd3
22. Qxd3 e6 23. Rfd1 a5 24. e4 Rbc7 25. Nc5 Nxc5 26. Rxc5 a4 27. b4 Bf8 28. Ra5
Qb8 29. a3 Ra7 30. Rxa7 Qxa7 31. Rc1 dxe4 32. Qxe4 Rd8 33. Rxc6 Bg7 34. Rc5 Qd7
35. Ra5 f5 36. Qe3 g4 37. Ne5 Qxd4 38. Qxd4 Rxd4 39. Nc6 Rc4 40. b5 Bf8 41. Ra8
Kg7 42. Ra7+ Kg8 1/2-1/2

[Event "Brühler SK 1 - SF Lieme 1"]
[Site "NRW-Klasse. Gruppe 1 2017/201"]
[Date "2018.04.08"]
[Round "8.4"]
[White "Schaefer, Juergen"]
[Black "Wolf, Andre"]
[Result "0-1"]
[WhiteElo "2164"]
[BlackElo "2160"]
[PlyCount "76"]
[EventDate "2018.??.??"]
[WhiteTeam "Brühler SK 1"]
[BlackTeam "SF Lieme 1"]

1. e4 e5 2. d4 exd4 3. Qxd4 Nc6 4. Qe3 Nf6 5. Nc3 Bb4 6. Bd2 O-O 7. O-O-O Re8
8. Qg3 Nxe4 9. Nxe4 Rxe4 10. c3 Bd6 11. f4 Qf6 12. Nh3 b6 13. Bd3 Ra4 14. Rhe1
Ba6 15. Bb1 h6 16. Qg4 Rd8 17. Qh5 Ra5 18. Qf3 Ra4 19. Re4 Rxe4 20. Qxe4 g6 21.
Re1 Bf8 22. g4 d5 23. Qa4 Bc8 24. g5 Qd6 25. f5 h5 26. Bf4 Qc5 27. Bxc7 Rd7 28.
Qf4 d4 29. Be5 Re7 30. fxg6 Nxe5 31. gxf7+ Nxf7 32. Bh7+ Kxh7 33. g6+ Kg8 34.
gxf7+ Rxf7 35. Rg1+ Bg7 36. Qb8 dxc3 37. b4 Qe3+ 38. Kc2 Qxh3 0-1

[Event "Brühler SK 1 - SF Lieme 1"]
[Site "NRW-Klasse. Gruppe 1 2017/201"]
[Date "2018.04.08"]
[Round "8.5"]
[White "Himpenmacher, Andy"]
[Black "Gramb, Marius"]
[Result "1/2-1/2"]
[WhiteElo "2163"]
[BlackElo "2072"]
[PlyCount "42"]
[EventDate "2018.??.??"]
[WhiteTeam "SF Lieme 1"]
[BlackTeam "Brühler SK 1"]

1. e4 c5 2. Nc3 a6 3. g3 b5 4. Bg2 Bb7 5. d3 e6 6. Nf3 d6 7. O-O Nf6 8. Re1 Be7
9. e5 dxe5 10. Nxe5 Bxg2 11. Kxg2 O-O 12. Qf3 Ra7 13. a4 b4 14. Ne4 Qc7 15.
Nxf6+ Bxf6 16. Bf4 Bxe5 17. Bxe5 Qb7 18. Bxb8 Rxb8 19. Re5 Rc8 20. b3 Qxf3+ 21.
Kxf3 Rd7 1/2-1/2

[Event "Brühler SK 1 - SF Lieme 1"]
[Site "NRW-Klasse. Gruppe 1 2017/201"]
[Date "2018.04.08"]
[Round "8.6"]
[White "Haskelman, Evgen"]
[Black "Schaffarczyk, Andre"]
[Result "0-1"]
[WhiteElo "2108"]
[BlackElo "2090"]
[PlyCount "62"]
[EventDate "2018.??.??"]
[WhiteTeam "Brühler SK 1"]
[BlackTeam "SF Lieme 1"]

1. e4 c5 2. Nc3 Nc6 3. g3 g6 4. Bg2 Bg7 5. d3 d6 6. Be3 e6 7. Qd2 Qa5 8. f4 Nd4
9. Nf3 Ne7 10. O-O Bd7 11. Nh4 f5 12. Qf2 O-O 13. Ne2 Nxc2 14. Rac1 Nxe3 15.
Qxe3 Qxa2 16. e5 Nd5 17. Qd2 dxe5 18. Rxc5 exf4 19. Bxd5 exd5 20. Rc7 Bc6 21.
Rxg7+ Kxg7 22. Qc3+ Kg8 23. Nd4 Rae8 24. Nhf3 fxg3 25. hxg3 Qa6 26. Kg2 Qb6 27.
Rh1 Re7 28. Ng5 f4 29. g4 f3+ 30. Kf1 Bd7 31. Rh6 Qf6 0-1

[Event "Brühler SK 1 - SF Lieme 1"]
[Site "NRW-Klasse. Gruppe 1 2017/201"]
[Date "2018.04.08"]
[Round "8.7"]
[White "Stork, Holger"]
[Black "Fischer, Oliver"]
[Result "1/2-1/2"]
[WhiteElo "2095"]
[BlackElo "1935"]
[PlyCount "49"]
[EventDate "2018.??.??"]
[WhiteTeam "SF Lieme 1"]
[BlackTeam "Brühler SK 1"]

1. e4 e5 2. Bc4 Nf6 3. d3 c6 4. Nf3 d5 5. Bb3 Bd6 6. Nc3 d4 7. Ne2 c5 8. O-O
O-O 9. Ng3 Nc6 10. Bg5 Be6 11. Nh4 Bxb3 12. axb3 h6 13. Bd2 Ne7 14. Nhf5 Ng6
15. Nh5 Nxh5 16. Qxh5 Qf6 17. Qg4 Rfe8 18. g3 Kh8 19. Kg2 a6 20. h4 Ne7 21.
Nxe7 Qxe7 22. f4 exf4 23. Bxf4 Bxf4 24. Rxf4 f6 25. Qf5 1/2-1/2

[Event "Brühler SK 1 - SF Lieme 1"]
[Site "NRW-Klasse. Gruppe 1 2017/201"]
[Date "2018.04.08"]
[Round "8.8"]
[White "Hanrahan, William"]
[Black "Karsunke, Marvin"]
[Result "0-1"]
[WhiteElo "1995"]
[BlackElo "1839"]
[PlyCount "100"]
[EventDate "2018.??.??"]
[WhiteTeam "Brühler SK 1"]
[BlackTeam "SF Lieme 1"]

1. e4 e6 2. d4 d5 3. Nc3 Bb4 4. a3 Bxc3+ 5. bxc3 Ne7 6. exd5 exd5 7. Bd3 Bf5 8.
Bxf5 Nxf5 9. Qg4 g6 10. Bg5 Qd6 11. Ne2 Nd7 12. a4 Nf6 13. Qf3 Ne4 14. Bc1 Qc6
15. Qd3 O-O-O 16. Ra3 Ned6 17. O-O Nc4 18. Rb3 Qxa4 19. Rb4 Qc6 20. Bf4 a5 21.
Rb3 h5 22. Rfb1 b6 23. Bg5 Rd7 24. h3 Nfd6 25. Bc1 Re8 26. Nf4 Re1+ 27. Kh2
Rde7 28. Qf3 R1e4 29. Nd3 Re2 30. Nf4 R2e4 31. Nd3 Nf5 32. Bg5 Re8 33. Bc1 Nfd6
34. Bf4 R4e7 35. Bg5 Re2 36. Bc1 Rxc2 37. Nf4 Ne4 38. Rb5 Nxc3 39. Nxd5 Nxd5
40. Rxd5 Nd6 41. Bf4 Rxf2 42. Qxf2 Qxd5 43. Rc1 Re7 44. Qb2 Kb7 45. Rc5 Qe6 46.
d5 Qe4 47. Bxd6 cxd6 48. Rc6 Qe5+ 49. Qxe5 dxe5 50. d6 Kxc6 0-1

[Event "SV Sundern 1 - SV Erkenschwick 1"]
[Site "NRW-Klasse. Gruppe 1 2017/201"]
[Date "2018.04.08"]
[Round "8.1"]
[White "Jens, Jelmer"]
[Black "Stolte, Alexander"]
[Result "1-0"]
[WhiteElo "2434"]
[BlackElo "2173"]
[PlyCount "107"]
[EventDate "2018.??.??"]
[WhiteTeam "SV Erkenschwick 1"]
[BlackTeam "SV Sundern 1"]

1. e4 c5 2. Nf3 d6 3. d4 cxd4 4. Nxd4 Nf6 5. Nc3 g6 6. Be3 Bg7 7. f3 O-O 8. Qd2
Nc6 9. g4 Bxg4 10. fxg4 Nxg4 11. Nxc6 bxc6 12. Bc4 d5 13. exd5 cxd5 14. Nxd5
Rc8 15. Bb3 Bxb2 16. Bd4 Ne5 17. O-O Rxc2 18. Bxc2 Qxd5 19. Rad1 Bxd4+ 20. Qxd4
Nf3+ 21. Rxf3 Qxf3 22. Bb3 Qb7 23. Rf1 e6 24. Bxe6 Qb6 25. Qxb6 axb6 26. Bb3
Kg7 27. Rc1 f5 28. Rc7+ Kh6 29. Rb7 Rf6 30. Bg8 Kg5 31. Rxh7 Kf4 32. Rh4+ Ke3
33. Rh3+ Ke4 34. Kf2 g5 35. Bb3 f4 36. Bc2+ Kd4 37. Rd3+ Kc4 38. Rd7 g4 39. Rg7
Rh6 40. Bb3+ Kb4 41. Rxg4 Rxh2+ 42. Kg1 Rd2 43. Rxf4+ Ka5 44. Kf1 b5 45. Ke1
Rh2 46. Kd1 Rb2 47. Kc1 Rh2 48. Bc2 Rh1+ 49. Kb2 Rh2 50. Rf3 Kb4 51. a3+ Ka5
52. Kb3 Rh5 53. Bd3 b4 54. axb4+ 1-0

[Event "SV Sundern 1 - SV Erkenschwick 1"]
[Site "NRW-Klasse. Gruppe 1 2017/201"]
[Date "2018.04.08"]
[Round "8.2"]
[White "Tillmann, Markus"]
[Black "Erwich, Frank"]
[Result "0-1"]
[WhiteElo "2064"]
[BlackElo "2313"]
[PlyCount "68"]
[EventDate "2018.??.??"]
[WhiteTeam "SV Sundern 1"]
[BlackTeam "SV Erkenschwick 1"]

1. d4 Nf6 2. c4 e6 3. Nc3 Bb4 4. Qc2 c5 5. e3 O-O 6. Bd3 b6 7. Nge2 Bb7 8. O-O
Nc6 9. a3 cxd4 10. exd4 Bd6 11. Nb5 Bb8 12. Bg5 h6 13. Bh4 d5 14. c5 bxc5 15.
dxc5 e5 16. Bf5 g5 17. Bg3 d4 18. h4 Ne7 19. hxg5 Qd5 20. f3 hxg5 21. Nd6 Bxd6
22. cxd6 Qxd6 23. Qd2 Nh7 24. Bxh7+ Kxh7 25. Qxg5 f6 26. Qh5+ Kg7 27. Rad1 Rh8
28. Qg4+ Kf7 29. f4 Qd5 30. Qf3 e4 31. Qf2 e3 32. Qf3 Qd7 33. Rxd4 Bxf3 34.
Rxd7 Bxe2 0-1

[Event "SV Sundern 1 - SV Erkenschwick 1"]
[Site "NRW-Klasse. Gruppe 1 2017/201"]
[Date "2018.04.08"]
[Round "8.3"]
[White "Van Beek, Alexander"]
[Black "Plass, Mariana-Camelia"]
[Result "1-0"]
[WhiteElo "2229"]
[BlackElo "1982"]
[PlyCount "117"]
[EventDate "2018.??.??"]
[WhiteTeam "SV Erkenschwick 1"]
[BlackTeam "SV Sundern 1"]

1. e4 c5 2. Nf3 d6 3. Bb5+ Bd7 4. Bxd7+ Qxd7 5. c4 g6 6. Nc3 Bg7 7. d4 cxd4 8.
Nxd4 Nc6 9. Be3 Nf6 10. f3 O-O 11. O-O Rfc8 12. b3 Nxd4 13. Bxd4 Nh5 14. Bxg7
Nxg7 15. Qd2 Rc5 16. Rad1 Qe6 17. f4 Ne8 18. f5 Qe5 19. Nd5 Nc7 20. Rf3 Nxd5
21. exd5 Qg7 22. Re1 Re8 23. f6 Qf8 24. Rfe3 e5 25. dxe6 fxe6 26. Rxe6 Re5 27.
R1xe5 dxe5 28. Qd5 Rxe6 29. Qxe6+ Qf7 30. Qxe5 Qd7 31. h3 b6 32. Kh2 Kf7 33. b4
g5 34. Qxg5 Qd6+ 35. Qg3 Qxb4 36. Qg7+ Ke6 37. f7 Qd6+ 38. Qg3 Qf8 39. Qe3+ Kd7
40. Qf4 Kc6 41. g3 h6 42. h4 Kd7 43. Qg4+ Ke7 44. Qg8 Qxf7 45. Qxf7+ Kxf7 46.
g4 Kf6 47. Kg3 Ke5 48. g5 hxg5 49. hxg5 Kf5 50. Kh4 Kg6 51. Kg4 Kg7 52. Kf5 Kf7
53. g6+ Kg7 54. Kg5 Kg8 55. Kf6 Kf8 56. g7+ Kg8 57. Kg6 a6 58. a4 b5 59. c5 1-0

[Event "SV Sundern 1 - SV Erkenschwick 1"]
[Site "NRW-Klasse. Gruppe 1 2017/201"]
[Date "2018.04.08"]
[Round "8.4"]
[White "Plass, Heinz"]
[Black "Langers, Alexander"]
[Result "1/2-1/2"]
[WhiteElo "2026"]
[BlackElo "2166"]
[PlyCount "88"]
[EventDate "2018.??.??"]
[WhiteTeam "SV Sundern 1"]
[BlackTeam "SV Erkenschwick 1"]

1. d4 d5 2. c4 e6 3. cxd5 exd5 4. Nc3 c6 5. Nf3 Be7 6. Bf4 Nf6 7. Qc2 Nbd7 8.
e3 Nf8 9. Bd3 Ne6 10. Be5 g6 11. O-O O-O 12. Rab1 Ng7 13. b4 a6 14. Na4 Bf5 15.
Rfc1 Bxd3 16. Qxd3 Nf5 17. Nc5 Ra7 18. Qc2 Nd6 19. Bxd6 Bxd6 20. a4 Qe7 21. b5
axb5 22. axb5 b6 23. Na4 cxb5 24. Rxb5 Rc7 25. Qd1 Rxc1 26. Qxc1 Qd7 27. Qf1
Qa7 28. Rxb6 Qxa4 29. Rxd6 Ne4 30. Ra6 Qc2 31. Ra1 Rb8 32. Rc1 Qa2 33. Ne1 Rb2
34. Nd3 Rd2 35. Rd1 Rxd1 36. Qxd1 Nc3 37. Qe1 Qc2 38. Ne5 h5 39. h4 Kg7 40. Nf3
Ne4 41. Nh2 Nd6 42. g3 Ne4 43. f3 Nc3 44. Qf2 Qd3 1/2-1/2

[Event "SV Sundern 1 - SV Erkenschwick 1"]
[Site "NRW-Klasse. Gruppe 1 2017/201"]
[Date "2018.04.08"]
[Round "8.5"]
[White "Homs, Guust"]
[Black "Schulte, Josef"]
[Result "1-0"]
[WhiteElo "2152"]
[BlackElo "1939"]
[Annotator "Daniel"]
[PlyCount "49"]
[EventDate "2018.??.??"]
[WhiteTeam "SV Erkenschwick 1"]
[BlackTeam "SV Sundern 1"]

1. e4 c5 2. c3 Nf6 3. d3 e6 4. f4 d5 5. e5 Nfd7 6. Nf3 Nc6 7. Be2 Be7 8. O-O
O-O 9. a3 f6 $11 10. d4 a6 11. Be3 b5 12. Nbd2 b4 13. axb4 cxb4 14. Qc2 Bb7 15.
c4 a5 16. Bd3 h6 17. cxd5 exd5 18. Nh4 fxe5 19. Bh7+ Kh8 20. Ng6+ Kxh7 21.
Nxf8+ Kg8 22. Qh7+ Kxf8 23. fxe5+ Nf6 24. exf6 gxf6 25. Qg6 1-0

[Event "SV Sundern 1 - SV Erkenschwick 1"]
[Site "NRW-Klasse. Gruppe 1 2017/201"]
[Date "2018.04.08"]
[Round "8.6"]
[White "Kevekordes, Peter"]
[Black "Krings, Christoph"]
[Result "0-1"]
[WhiteElo "1863"]
[BlackElo "2191"]
[PlyCount "88"]
[EventDate "2018.??.??"]
[WhiteTeam "SV Sundern 1"]
[BlackTeam "SV Erkenschwick 1"]

1. e4 e6 2. d4 d5 3. exd5 exd5 4. Nf3 Bd6 5. Bd3 Bg4 6. O-O Nc6 7. Re1+ Nge7 8.
c3 Qd7 9. Bg5 f6 10. Bh4 O-O-O 11. Bg3 h5 12. Bxd6 Qxd6 13. Nbd2 g5 14. b4 Rdg8
15. b5 Nd8 16. c4 dxc4 17. Bxc4 Rg7 18. Qa4 Bxf3 19. Nxf3 Kb8 20. Re3 h4 21.
Ra3 Qb6 22. Re1 g4 23. Nd2 g3 24. Nf3 gxf2+ 25. Kxf2 Nf5 26. Qa5 Qxa5 27. Rxa5
Nd6 28. Bf1 Rh5 29. Ra3 Nxb5 30. Bxb5 Rxb5 31. Nxh4 Rg4 32. Nf3 Rb2+ 33. Kf1
Rgxg2 34. Re8 Rbf2+ 35. Ke1 Kc8 36. Rxa7 Kd7 37. Re3 Rb2 38. Kf1 Rgf2+ 39. Kg1
Rg2+ 40. Kf1 Nc6 41. Ra8 Nb4 42. Rc3 Rbf2+ 43. Ke1 Nc2+ 44. Kd1 Rf1+ 0-1

[Event "SV Sundern 1 - SV Erkenschwick 1"]
[Site "NRW-Klasse. Gruppe 1 2017/201"]
[Date "2018.04.08"]
[Round "8.7"]
[White "Eggenstein, Frank"]
[Black "Schober, Ralf"]
[Result "0-1"]
[WhiteElo "1966"]
[BlackElo "2019"]
[Annotator "Daniel"]
[PlyCount "108"]
[EventDate "2018.??.??"]
[WhiteTeam "SV Erkenschwick 1"]
[BlackTeam "SV Sundern 1"]

1. e4 d6 2. d4 Nf6 3. Nc3 e5 4. Nf3 exd4 5. Nxd4 Be7 6. Be2 O-O 7. Be3 a6 8. f3
Nc6 9. a4 Re8 10. O-O h6 11. Qe1 Nb4 12. Qc1 Bf8 13. Rd1 Qe7 14. Re1 d5 15. Bf2
dxe4 16. Nxe4 Nxe4 17. fxe4 Bd7 18. c3 Nc6 19. Bd3 Ne5 20. Bc2 Qg5 21. Be3 Qg6
22. Rf1 Bd6 23. Nf5 Bxf5 24. exf5 Qf6 25. Kh1 Rad8 26. Bf4 a5 27. Qb1 Nc4 28.
Qa2 Ne3 29. Bxe3 Rxe3 30. Qc4 Rde8 31. Qg4 Qe5 32. Qh4 Qf6 33. Qg4 Re2 34. Rac1
Qe5 35. Qh4 Qf6 36. Qg4 $11 Qg5 37. Qxg5 hxg5 38. b3 Bf4 39. Bd3 Bxc1 40. Bxe2
Rxe2 41. Rxc1 Rb2 42. b4 axb4 43. cxb4 Rxb4 44. h3 c6 45. a5 Ra4 46. Rb1 Rxa5
47. Rxb7 Rxf5 48. Rb8+ Kh7 49. Rc8 Rf6 50. Rc7 Kg6 51. g4 Rd6 52. Kg2 Kf6 53.
Kf2 Ke6 54. Ke3 g6 0-1

[Event "SV Sundern 1 - SV Erkenschwick 1"]
[Site "NRW-Klasse. Gruppe 1 2017/201"]
[Date "2018.04.08"]
[Round "8.8"]
[White "Schreiber, Dieter"]
[Black "Strozewski, Frank"]
[Result "0-1"]
[WhiteElo "1717"]
[BlackElo "1945"]
[PlyCount "94"]
[EventDate "2018.??.??"]
[WhiteTeam "SV Sundern 1"]
[BlackTeam "SV Erkenschwick 1"]

1. Nf3 d6 2. g3 g6 3. Bg2 Bg7 4. d3 c5 5. Nbd2 Nc6 6. O-O e5 7. e4 Nge7 8. c3
O-O 9. Nc4 h6 10. Ne3 Kh7 11. Nh4 Bd7 12. Nd5 Nxd5 13. exd5 Ne7 14. f4 exf4 15.
Bxf4 Bb5 16. Rf2 f5 17. a4 Be8 18. Qe2 Bf7 19. c4 Re8 20. Be3 Ng8 21. Qd2 Nf6
22. Bf3 Qd7 23. Re2 Ng4 24. Bxg4 fxg4 25. Rf1 Re7 26. b3 Rae8 27. Rfe1 g5 28.
Ng2 Bg6 29. Bf2 Be5 30. Ne3 b6 31. Nc2 Qf5 32. d4 Bf6 33. Rxe7+ Rxe7 34. Rxe7+
Bxe7 35. Qe2 Bf6 36. Ne3 Qb1+ 37. Be1 Bxd4 38. Kf2 h5 39. Kg1 Qxb3 40. Bf2 Bd3
41. Qe1 Qc3 42. Qxc3 Bxc3 43. Kg2 Kg6 44. Nd1 Ba1 45. Ne3 Kf6 46. Be1 Bd4 47.
Bd2 Ke5 0-1

[Event "Bielefelder SK 1 - Düsseldorfer SK 2"]
[Site "NRW-Klasse. Gruppe 1 2017/201"]
[Date "2018.04.08"]
[Round "8.1"]
[White "Harff, Marcel"]
[Black "Forchert, Martin"]
[Result "1-0"]
[WhiteElo "2363"]
[BlackElo "2282"]
[PlyCount "71"]
[EventDate "2018.??.??"]
[WhiteTeam "Düsseldorfer SK 2"]
[BlackTeam "Bielefelder SK 1"]

1. c4 Nf6 2. g3 d5 3. cxd5 Nxd5 4. Bg2 Nb6 5. d4 g6 6. e4 Bg7 7. Ne2 c5 8. d5
e6 9. Nbc3 exd5 10. exd5 O-O 11. Be3 Na6 12. b3 Bf5 13. O-O Nc8 14. Qd2 Nd6 15.
Bh6 Bxh6 16. Qxh6 Re8 17. Rad1 Qf6 18. Qf4 Qe5 19. Rd2 Qxf4 20. Nxf4 Re5 21. h3
h5 22. f3 Rae8 23. g4 hxg4 24. hxg4 Bd7 25. Kf2 b5 26. Rc1 Rc8 27. Bf1 Nb8 28.
Re2 Rxe2+ 29. Bxe2 Kf8 30. Ne4 Nxe4+ 31. fxe4 g5 32. Nd3 c4 33. bxc4 bxc4 34.
Ne5 f6 35. Nxc4 Bb5 36. Rh1 1-0

[Event "Bielefelder SK 1 - Düsseldorfer SK 2"]
[Site "NRW-Klasse. Gruppe 1 2017/201"]
[Date "2018.04.08"]
[Round "8.2"]
[White "Gruen, Gerd-Peter"]
[Black "Krause, Thomas"]
[Result "1-0"]
[WhiteElo "2215"]
[BlackElo "2144"]
[PlyCount "123"]
[EventDate "2018.??.??"]
[WhiteTeam "Bielefelder SK 1"]
[BlackTeam "Düsseldorfer SK 2"]

1. d4 Nf6 2. Nf3 g6 3. g3 b6 4. Bg2 Bb7 5. c4 Bg7 6. O-O O-O 7. Nc3 Ne4 8. Bd2
c5 9. d5 Nxd2 10. Qxd2 d6 11. e4 Nd7 12. Rfe1 Ba6 13. b3 Rb8 14. a4 Bc8 15. Ra2
a6 16. Bf1 Qc7 17. Nh4 Bf6 18. f4 e5 19. f5 Qd8 20. Nf3 g5 21. h4 gxh4 22. gxh4
Kh8 23. Qh6 Bg7 24. Qe3 Rg8 25. Rg2 Nf6 26. Ng5 Qe7 27. Be2 Bd7 28. Kh1 h6 29.
Reg1 Nh7 30. Qf3 Nf6 31. Nh3 Rbf8 32. Rg3 Nh7 33. Qg2 f6 34. Bh5 Rb8 35. Nf2
Qf8 36. Ng4 Rd8 37. Qd2 Qe7 38. Nxh6 Bxh6 39. Qxh6 Rxg3 40. Rxg3 Rg8 41. Bg6
Qg7 42. Qh5 Qe7 43. Nd1 b5 44. axb5 axb5 45. Ne3 bxc4 46. bxc4 Ba4 47. Ng4 Bd1
48. Bxh7 Bxg4 49. Rxg4 Qxh7 50. Rxg8+ Kxg8 51. Qg6+ Qg7 52. h5 Kh8 53. h6 Qe7
54. Kg2 Qf7 55. Kf3 Qe7 56. Ke3 Qf7 57. Kd3 Qe7 58. h7 Qf7 59. Kc3 Qf8 60. Qg8+
Qxg8 61. hxg8=Q+ Kxg8 62. Kb3 1-0

[Event "Bielefelder SK 1 - Düsseldorfer SK 2"]
[Site "NRW-Klasse. Gruppe 1 2017/201"]
[Date "2018.04.08"]
[Round "8.3"]
[White "von Buenau, Heinrich"]
[Black "Kruse, Herbert"]
[Result "1-0"]
[WhiteElo "2198"]
[BlackElo "2175"]
[PlyCount "81"]
[EventDate "2018.??.??"]
[WhiteTeam "Düsseldorfer SK 2"]
[BlackTeam "Bielefelder SK 1"]

1. c4 c5 2. g3 Nf6 3. Bg2 d5 4. cxd5 Nxd5 5. Nc3 Nc7 6. Nf3 Nc6 7. O-O e5 8.
Ne1 h5 9. h4 g5 10. hxg5 h4 11. Ne4 Be7 12. d3 h3 13. Bf3 Nd4 14. Kh2 Bf5 15.
e3 Nde6 16. Bd2 Nd5 17. Nc3 Nxc3 18. Bxc3 Qc7 19. Qa4+ Kf8 20. Be4 b5 21. Qxb5
Bxe4 22. dxe4 Bxg5 23. Rd1 Ke7 24. Rd5 Rab8 25. Qa4 f6 26. Nf3 Qb7 27. Rfd1
Rhd8 28. Qc4 Qb6 29. R1d2 Bh6 30. Nh4 Bf8 31. Nf5+ Kf7 32. Rd7+ Rxd7 33. Rxd7+
Kg6 34. Nd6 Rd8 35. Qxe6 Rxd7 36. Qg4+ Kh6 37. Qxh3+ Kg6 38. Qf5+ Kh6 39. Qxf6+
Kh7 40. Qf5+ Kh6 41. Qxf8+ 1-0

[Event "Bielefelder SK 1 - Düsseldorfer SK 2"]
[Site "NRW-Klasse. Gruppe 1 2017/201"]
[Date "2018.04.08"]
[Round "8.4"]
[White "Simon, Hans Christian"]
[Black "Berndt, Axel"]
[Result "1/2-1/2"]
[WhiteElo "2141"]
[BlackElo "2161"]
[PlyCount "40"]
[EventDate "2018.??.??"]
[WhiteTeam "Bielefelder SK 1"]
[BlackTeam "Düsseldorfer SK 2"]

1. Nf3 Nf6 2. c4 c5 3. Nc3 b6 4. g3 Bb7 5. Bg2 e6 6. O-O a6 7. d4 cxd4 8. Qxd4
Qc7 9. Rd1 d6 10. Ng5 Bxg2 11. Kxg2 Be7 12. Nge4 Qc6 13. f3 Nxe4 14. Qxe4 O-O
15. Bf4 Rd8 16. Nd5 Bf8 17. Nxb6 Qxb6 18. Qxa8 Nc6 19. Be3 Qxe3 20. Qxc6 Qxe2+
1/2-1/2

[Event "Bielefelder SK 1 - Düsseldorfer SK 2"]
[Site "NRW-Klasse. Gruppe 1 2017/201"]
[Date "2018.04.08"]
[Round "8.5"]
[White "Hoenig, Alexander"]
[Black "Goeßling, Guido"]
[Result "0-1"]
[WhiteElo "2133"]
[BlackElo "2127"]
[PlyCount "122"]
[EventDate "2018.??.??"]
[WhiteTeam "Düsseldorfer SK 2"]
[BlackTeam "Bielefelder SK 1"]

1. d4 d5 2. c4 c6 3. cxd5 cxd5 4. Nc3 e5 5. e3 exd4 6. exd4 Nc6 7. Nge2 Nf6 8.
g3 Bf5 9. a3 Be7 10. Bg2 O-O 11. O-O Qb6 12. b4 Rfd8 13. Be3 Rac8 14. Na4 Qb5
15. Nec3 Qd3 16. Qxd3 Bxd3 17. Rfc1 Bc4 18. Bh3 Ra8 19. Nb2 Bb3 20. Nca4 Ne4
21. f3 Bg5 22. Re1 Bxa4 23. Nxa4 Bxe3+ 24. Rxe3 Ng5 25. Bg4 Nxd4 26. Rd1 Nb5
27. h4 Ne6 28. Bxe6 fxe6 29. Nc5 d4 30. Red3 e5 31. Nxb7 Rd5 32. a4 Rb8 33. Na5
Nd6 34. Nc6 Rb7 35. b5 Nc4 36. Re1 Nb2 37. Rb3 Nxa4 38. Rxe5 Rxe5 39. Nxe5 Nc3
40. Nc6 Rxb5 41. Nxd4 Rxb3 42. Nxb3 Kf7 43. Kf2 Ke6 44. Ke3 Kd5 45. g4 Nb5 46.
h5 Nd6 47. Kf4 Nc4 48. Kf5 a5 49. Nxa5 Nxa5 50. h6 g6+ 51. Kf6 Nc4 52. f4 Ne3
53. Kg7 Ke6 54. f5+ gxf5 55. gxf5+ Nxf5+ 56. Kxh7 Kf7 57. Kh8 Nh4 58. Kh7 Nf3
59. Kh8 Ne5 60. Kh7 Nd7 61. Kh8 Nf8 0-1

[Event "Bielefelder SK 1 - Düsseldorfer SK 2"]
[Site "NRW-Klasse. Gruppe 1 2017/201"]
[Date "2018.04.08"]
[Round "8.6"]
[White "Roemhild, Marcus"]
[Black "Mueller, Michael"]
[Result "1/2-1/2"]
[WhiteElo "2029"]
[BlackElo "2054"]
[PlyCount "44"]
[EventDate "2018.??.??"]
[WhiteTeam "Bielefelder SK 1"]
[BlackTeam "Düsseldorfer SK 2"]

1. c4 e6 2. Nf3 Nf6 3. g3 b6 4. Bg2 Bb7 5. O-O c5 6. Nc3 Be7 7. d3 O-O 8. b3 d5
9. cxd5 Nxd5 10. Bb2 Bf6 11. Qd2 Nd7 12. Nxd5 Bxd5 13. Rfd1 Qe7 14. Bxf6 Nxf6
15. Rac1 Rfd8 16. Qb2 Rac8 17. e3 Qb7 18. e4 Bc6 19. Ne5 Rd4 20. Nf3 Rdd8 21.
Ne5 Rd4 22. Nf3 Rdd8 1/2-1/2

[Event "Bielefelder SK 1 - Düsseldorfer SK 2"]
[Site "NRW-Klasse. Gruppe 1 2017/201"]
[Date "2018.04.08"]
[Round "8.7"]
[White "Lueckerath, Moritz"]
[Black "Danielmeier, Ralf"]
[Result "1/2-1/2"]
[WhiteElo "1939"]
[BlackElo "2001"]
[Annotator "Daniel"]
[PlyCount "39"]
[EventDate "2018.??.??"]
[WhiteTeam "Düsseldorfer SK 2"]
[BlackTeam "Bielefelder SK 1"]

1. e4 d5 2. exd5 Qxd5 3. Nc3 Qa5 4. Bc4 Nf6 5. d3 Nc6 6. Bd2 Qf5 7. Nf3 Be6 8.
Bb3 Bxb3 9. axb3 e6 10. O-O Bd6 11. Re1 O-O $11 12. Ne4 Be7 13. Bc3 Nd5 14. Nd4
Nxd4 15. Bxd4 a6 16. Ng3 Qg6 17. Nh5 Nf6 18. Ra5 Rad8 19. Bxf6 Bxf6 20. Nxf6+
1/2-1/2

[Event "Bielefelder SK 1 - Düsseldorfer SK 2"]
[Site "NRW-Klasse. Gruppe 1 2017/201"]
[Date "2018.04.08"]
[Round "8.8"]
[White "Biermann, Stefan"]
[Black "Kaspar, Uwe"]
[Result "1/2-1/2"]
[WhiteElo "1772"]
[BlackElo "1849"]
[PlyCount "22"]
[EventDate "2018.??.??"]
[WhiteTeam "Bielefelder SK 1"]
[BlackTeam "Düsseldorfer SK 2"]

1. d4 e6 2. Nf3 Nf6 3. e3 b6 4. Bd3 Ba6 5. O-O Be7 6. b3 Bxd3 7. Qxd3 O-O 8.
Bb2 d5 9. Ne5 c5 10. Nd2 Nfd7 11. Qe2 f6 1/2-1/2

[Event "SBNRW NRW-KL Grp. 1 17/18"]
[Site "?"]
[Date "2018.04.08"]
[Round "8.1"]
[White "Grimm, Sascha"]
[Black "Luft, Dennis"]
[Result "1/2-1/2"]
[WhiteElo "2351"]
[BlackElo "2254"]
[PlyCount "64"]
[WhiteTeam "SG Niederkassel"]
[BlackTeam "SF Brackel 30"]

1. Nf3 d5 2. g3 Nf6 3. Bg2 e6 4. O-O Be7 5. d3 O-O 6. Nbd2 c5 7. e4 b5 8. e5
Nfd7 9. Re1 Bb7 10. h4 a5 11. Nf1 b4 12. N1h2 c4 13. d4 a4 14. Bg5 Bxg5 15.
hxg5 Qc7 16. Ng4 Rc8 17. Qd2 c3 18. bxc3 Qxc3 19. Qf4 Qxc2 20. Rac1 Qxa2 21.
Nh6+ gxh6 22. gxh6 Nc6 23. Ng5 Rf8 24. Qg4 Kh8 25. Nxe6 Rg8 26. Ng5 Nd8 27.
Qxd7 Rxg5 28. Qe7 Rg6 29. Qf8+ Rg8 30. Qe7 Rg6 31. Qf8+ Rg8 32. Qe7 Rg6 1/2-1/2

[Event "SBNRW NRW-KL Grp. 1 17/18"]
[Site "?"]
[Date "2018.04.08"]
[Round "8.2"]
[White "Kartsev, Soel"]
[Black "Wigger, Jochen"]
[Result "1/2-1/2"]
[WhiteElo "2169"]
[BlackElo "2246"]
[PlyCount "112"]
[WhiteTeam "SF Brackel 30"]
[BlackTeam "SG Niederkassel"]

1. e4 e6 2. Qe2 c5 3. g3 Nc6 4. Nf3 g6 5. Bg2 Bg7 6. c3 Nge7 7. O-O d5 8. exd5
exd5 9. d4 cxd4 10. Nxd4 Nxd4 11. cxd4 O-O 12. Nc3 Nf5 13. Bf4 Nxd4 14. Qd2 Bh3
15. Bh6 Bxg2 16. Kxg2 Bxh6 17. Qxh6 Nf5 18. Qf4 d4 19. Rad1 Qb8 20. Qxb8 Raxb8
21. Ne2 Rbd8 22. g4 Rfe8 23. Rd2 Nh6 24. h3 f5 25. Kg3 Nf7 26. Rfd1 fxg4 27.
hxg4 Ng5 28. f3 Rd7 29. Nxd4 Rf7 30. Rd3 a6 31. a4 Ree7 32. b4 Ne6 33. Nxe6
Rxe6 34. Rd7 h6 35. R1d6 Rxd6 36. Rxd6 Kg7 37. f4 Rf6 38. Rd5 Rb6 39. b5 Kf6
40. Kf3 Ke6 41. Ke4 Ke7 42. Rc5 axb5 43. axb5 Ke6 44. Re5+ Kd7 45. f5 Rd6 46.
Rc5 Kd8 47. Ke5 Kd7 48. Rc1 Rb6 49. Rd1+ Ke7 50. Rd5 gxf5 51. gxf5 h5 52. Rc5
Kf7 53. Rc7+ Kf8 54. f6 Rxb5+ 55. Ke6 Rb6+ 56. Kf5 Rb1 1/2-1/2

[Event "SBNRW NRW-KL Grp. 1 17/18"]
[Site "?"]
[Date "2018.04.08"]
[Round "8.3"]
[White "Bussard, Christian"]
[Black "Steinmetzer, Thomas"]
[Result "1-0"]
[WhiteElo "2225"]
[BlackElo "2198"]
[PlyCount "103"]
[WhiteTeam "SG Niederkassel"]
[BlackTeam "SF Brackel 30"]

1. d4 d6 2. c4 e5 3. e3 Nc6 4. Nc3 f5 5. b3 Nf6 6. Bb2 Be7 7. Nf3 e4 8. Nd2 O-O
9. Be2 a6 10. a3 Qe8 11. Qc2 Qg6 12. g3 Bd7 13. O-O-O Rae8 14. h3 Bd8 15. Rdg1
Qh6 16. g4 Qh4 17. g5 Nh5 18. Nd5 Bxg5 19. Nxc7 Rc8 20. Nd5 Nf6 21. Nb6 Rc7 22.
Rg2 Ne7 23. Kb1 Be6 24. Qd1 f4 25. Bg4 Bf7 26. Qg1 Bh6 27. Bd1 Rc6 28. Na4 d5
29. Nc5 Rc7 30. Ka2 Kh8 31. cxd5 Bxd5 32. Bg4 fxe3 33. fxe3 Nxg4 34. Rxg4 Qf2
35. Ndxe4 Qxe3 36. Qxe3 Bxe3 37. Re1 Rf3 38. Ng5 h5 39. Nxf3 hxg4 40. hxg4 Bxf3
41. Rxe3 Bxg4 42. Re5 Kg8 43. d5 Nf5 44. Ne6 Rd7 45. a4 g6 46. Nc5 Rc7 47. Ne4
Kf7 48. Ng5+ Kf6 49. d6 Rg7 50. Rc5+ Kxg5 51. Bxg7 Kh4 52. Bf6+ 1-0